Venus prime 4: el encuentro con medusa

Saved in:
Bibliografiske detaljer
Main Authors: Clarke, Arthur C (Author), Preuss, Paul (Author)
Format: Bog
Sprog:spansk
Udgivet: Barcelona Plaza y Janes 1992
Serier:Colección Exitos
Fag:
Tags: Tilføj Tag
Ingen Tags, Vær først til at tagge denne postø!

MARC

LEADER 00000nam a2200000 a 4500
001 UCP1198
003 CL-VaPUC
008 990401e19920000SP |||||||||||||||||spa|d
082 0 4 |a 823  |b CLA  |2 21 
100 0 |a Clarke, Arthur C  |e author  |9 427118 
700 0 |a Preuss, Paul  |e author  |9 427119 
245 1 0 |a Venus prime 4: el encuentro con medusa 
300 |a 264 p 
942 |c BK 
945 |d 19990401 00:00:00  |a rbrito 
260 |a Barcelona  |b Plaza y Janes  |c 1992 
650 0 |a Novelas inglesas  |9 265220 
650 0 |a Ciencia ficción   |9 314542 
583 |a last modification  |c 19990401 00:00:00  |k Rodrigo Vera 
490 0 |a Colección Exitos 
999 |c 279905  |d 279903